Civil rights and race relations. (Record no. 90111)

MARC details
000 -LEADER
fixed length control field 01364cam a22002891 4500
001 - CONTROL NUMBER
control field sd 67000004
003 - CONTROL NUMBER IDENTIFIER
control field DLC
005 - DATE AND TIME OF LATEST TRANSACTION
control field 20260227112737.0
008 - FIXED-LENGTH DATA ELEMENTS--GENERAL INFORMATION
fixed length control field 791012s1966 dcuac 100 0 eng c
010 ## - LIBRARY OF CONGRESS CONTROL NUMBER
LC control number sd 67000004
040 ## - CATALOGING SOURCE
Original cataloging agency U.S. Department of State. Library.
Transcribing agency DLC
Modifying agency DLC
043 ## - GEOGRAPHIC AREA CODE
Geographic area code n-us---
050 00 - LIBRARY OF CONGRESS CALL NUMBER
Classification number E184.A1
Item number S55 1966
082 00 - DEWEY DECIMAL CLASSIFICATION NUMBER
Classification number 301.45/1/0973
111 2# - MAIN ENTRY--MEETING NAME
Meeting name or jurisdiction name as entry element Seminar on Civil Rights and Race Relations,
Location of meeting Washington,
Date of meeting or treaty signing 1966.
245 10 - TITLE STATEMENT
Title Civil rights and race relations.
Statement of responsibility, etc. [Participants]: Elliott P. Skinner, Thurgood Marshall [and] Robert J. Fox.
260 ## - PUBLICATION, DISTRIBUTION, ETC.
Place of publication, distribution, etc. [Washington,
Name of publisher, distributor, etc. Office of Equal Opportunity; for sale by the Supt. of Docs., U.S. Govt. Print. Off.,
Date of publication, distribution, etc. 1966]
300 ## - PHYSICAL DESCRIPTION
Extent 40 p.
Other physical details illus., ports.
Dimensions 23 cm.
490 1# - SERIES STATEMENT
Series statement Dept. of State. Publication 8157. Department and Foreign Service series, 135
500 ## - GENERAL NOTE
General note "Prepared under the auspices of the U.S. Department of State's Equal Employment Opportunity Program, Office of the Deputy Under Secretary for Administration."
651 #0 - SUBJECT ADDED ENTRY--GEOGRAPHIC NAME
Geographic name United States
General subdivision Race relations
Form subdivision Congresses.
650 #0 - SUBJECT ADDED ENTRY--TOPICAL TERM
Topical term or geographic name entry element African Americans
General subdivision Civil rights
Form subdivision Congresses.
700 1# - ADDED ENTRY--PERSONAL NAME
Personal name Skinner, Elliott P.
Fuller form of name (Elliott Percival),
Dates associated with a name 1924-2007.
700 1# - ADDED ENTRY--PERSONAL NAME
Personal name Marshall, Thurgood,
Dates associated with a name 1908-1993.
700 1# - ADDED ENTRY--PERSONAL NAME
Personal name Fox, Robert J.
810 1# - SERIES ADDED ENTRY--CORPORATE NAME
Corporate name or jurisdiction name as entry element United States.
Subordinate unit Department of State.
Title of a work Department and Foreign Service series,
Volume/sequential designation 135.

No items available.

Powered by Koha